00495nam a2200181Ii 45000010005000000030009000050080041000140400033000550410008000880820018000961000020001142450011001342640075001453000012002203360026002323370028002583380027002865566CO-ViMGA241108s9999||||xx |||||||||||||| ||und|| aCO-ViMGAbspaerdacCO-ViMGA0 aunk04a833.912-A622e1 aAlfred Andersch10aEfraim 1a[Lugar de publicación no identificado] : Ediciones Península, 1987 avolumen atextbtxt2rdacontent aunmediatedbn2rdamedia avolumebnc2rdacarrier